Europa desde las guerras napoleónicas a la revolución de 1848
Zapisane w:
| 1. autor: | |
|---|---|
| Format: | Książka |
| Język: | hiszpański |
| Wydane: |
Madrid, España
Cátedra
1972
|
| Hasła przedmiotowe: | |
| Etykiety: |
Dodaj etykietę
Nie ma etykietki, Dołącz pierwszą etykiete!
|
MARC
| LEADER | 00000nam a2200000 a 4500 | ||
|---|---|---|---|
| 001 | UCO0306 | ||
| 003 | CL-VaPUC | ||
| 005 | 20220115074022.0 | ||
| 008 | 000420e19720000SP |||||||||||||||||spa|d | ||
| 999 | |c 287019 |d 287017 | ||
| 040 | |c Pontificia Universidad Católica de Valparaíso | ||
| 082 | 0 | 4 | |a 940.28 RUD 1972 |2 21 |
| 100 | 0 | |a Rudé, George |e author |9 441496 | |
| 245 | 1 | 0 | |a Europa desde las guerras napoleónicas a la revolución de 1848 |
| 260 | |a Madrid, España |b Cátedra |c 1972 | ||
| 300 | |a 272 páginas | ||
| 583 | |a last modification |c 20000420 00:00:00 |k Rodrigo Vera | ||
| 650 | 0 | |a Historia de Europa |9 392003 | |
| 650 | 0 | |a Historia contemporánea |z EUROPA |9 343224 | |
| 650 | 0 | |a Revolución industrial |z EUROPA |9 309422 | |
| 650 | 0 | |a Revoluciones |y SIGLOS 18-19 |9 255713 | |
| 942 | |c BK |2 ddc | ||
| 945 | |d 20000420 00:00:00 |a rherrera | ||
| 952 | |0 0 |1 0 |2 ddc |4 0 |6 940_280000000000000_RUD_1972 |7 0 |8 A |9 333393 |a BIBHIS |b BIBHIS |d 2019-11-20 |i 1264451 |l 3 |o 940.28 RUD 1972 |p 1264451 |r 2025-01-20 |s 2023-03-20 |t 1 |w 2019-11-20 |y BK |k HIS | ||